КОВИД-19 ба хатуу хог хаягдлын менежментийн асуудалд // (Record no. 34476)
[ view plain ]
| 000 -LEADER | |
|---|---|
| fixed length control field | 01837nam a22003737a 4500 |
| 003 - CONTROL NUMBER IDENTIFIER | |
| control field | OSt |
| 005 - DATE AND TIME OF LATEST TRANSACTION | |
| control field | 20260420183524.0 |
| 008 - FIXED-LENGTH DATA ELEMENTS--GENERAL INFORMATION | |
| fixed length control field | 250407b mp ||||| |||| 00| 0 mon d |
| 022 ## - INTERNATIONAL STANDARD SERIAL NUMBER | |
| International Standard Serial Number | 992981318 |
| 040 ## - CATALOGING SOURCE | |
| Original cataloging agency | Эрүүл Мэндийн Шинжлэх ухааны төв номын сан |
| Language of cataloging | mon |
| Description conventions | rda |
| 082 ## - DEWEY DECIMAL CLASSIFICATION NUMBER | |
| Edition number | 21 |
| Item number | Э 739 |
| Classification number | 363.72 |
| 100 ## - MAIN ENTRY--PERSONAL NAME | |
| Personal name | Эрдэнэчимэг, Э. |
| Relator term | судлаач |
| 9 (RLIN) | 49133 |
| 245 ## - TITLE STATEMENT | |
| Title | КОВИД-19 ба хатуу хог хаягдлын менежментийн асуудалд // |
| 264 ## - PRODUCTION, PUBLICATION, DISTRIBUTION, MANUFACTURE, AND COPYRIGHT NOTICE | |
| Place of production, publication, distribution, manufacture | Улаанбаатар |
| Date of production, publication, distribution, manufacture, or copyright notice | 2021 |
| 300 ## - PHYSICAL DESCRIPTION | |
| Extent | Х.287-292 |
| 440 ## - SERIES STATEMENT/ADDED ENTRY--TITLE | |
| Title | Эрүүл Мэндийн Шинжлэх Ухаан: |
| Volume/sequential designation | 2021 Vol. 17, №6 (62) |
| 9 (RLIN) | 64992 |
| 546 ## - LANGUAGE NOTE | |
| Хэл | монгол |
| Information code or alphabet | кирилл |
| 653 #4 - INDEX TERM--UNCONTROLLED | |
| Uncontrolled term | ковид-19 |
| Uncontrolled term | хог хаягдлын менежмент |
| Uncontrolled term | амны хаалт |
| Uncontrolled term | халдваргүйжүүлэлт |
| 700 0# - ADDED ENTRY--PERSONAL NAME | |
| Personal name | Эрдэнэчимэг, Э. |
| Relator term | судлаач |
| 9 (RLIN) | 49133 |
| Personal name | Жаргалсайхан, Г. |
| Relator term | судлаач |
| 9 (RLIN) | 3407 |
| Personal name | Одмаа, Г. |
| Relator term | судлаач |
| 9 (RLIN) | 65738 |
| Personal name | Буянтүшиг, Б. |
| Relator term | судлаач |
| 9 (RLIN) | 22486 |
| Personal name | Нансалмаа, М. |
| Relator term | судлаач |
| 9 (RLIN) | 22471 |
| Personal name | Энхжаргал, Г. |
| Relator term | судлаач |
| 9 (RLIN) | 70830 |
| Personal name | Батчимэг, Б. |
| Relator term | судлаач |
| 9 (RLIN) | 70831 |
| Personal name | Даваалхам, Д. |
| Relator term | судлаач |
| 9 (RLIN) | 70832 |
| 710 ## - ADDED ENTRY--CORPORATE NAME | |
| Corporate name or jurisdiction name as entry element | Анагаахын Шинжлэх Ухааны Үндэсний Их Сургууль |
| 9 (RLIN) | 41530 |
| Relator term | НЭМС, ОЭМТ |
| Corporate name or jurisdiction name as entry element | Анагаахын Шинжлэх Ухааны Үндэсний Их Сургууль |
| Relator term | НЭМС |
| 856 ## - Цахимаар унших | |
| Цахимаар унших | <a href="http://library.mnums.edu.mn/cgi-bin/koha/opac-detail.pl?biblionumber=31050">http://library.mnums.edu.mn/cgi-bin/koha/opac-detail.pl?biblionumber=31050</a> |
| Public note | ЭРҮҮЛ МЭНДИЙН ШИНЖЛЭХ УХААН 2021 Vol. 17, №6 (62) |
| 942 ## - ADDED ENTRY ELEMENTS (KOHA) | |
| Source of classification or shelving scheme | Dewey Decimal Classification |
| Koha item type | Сэтгүүлийн өгүүлэл |
| Date last seen | Total Checkouts | Full call number | Price effective from | Koha item type | Lost status | Source of classification or shelving scheme | Damaged status | Not for loan | Withdrawn status | Home library | Current library | Shelving location | Date acquired |
|---|---|---|---|---|---|---|---|---|---|---|---|---|---|
| 04/07/2025 | Э 739 363.72 | 04/07/2025 | Сэтгүүлийн өгүүлэл | Dewey Decimal Classification | Эрдэм шинжилгээний номын сан | Эрдэм шинжилгээний номын сан | Тогтмол хэвлэлийн уншлагын танхим №1 | 04/07/2025 |